000 00607nam a2200181Ia 4500
008 090123s9999 xx 000 0 und d
082 _b12324
_a891.463/रांगणे
100 _aरांगणेकर कुमुदिनी
245 _aचार उणे एक
250 _a1
260 _bशशीदिप प्रकाशन
_c1980
300 _a184
600 _aरांगणेकर कुमुदिनी
630 _aचार उणे एक
700 _aरांगणेकर कुमुदिनी
730 _aचार उणे एक
942 _cBOOK
999 _c50388
_d50388